Statistiques concernant Trouves le titre de rock avec les premières paroles

Cliquez ici pour prendre le quiz!

Statistiques générales

  • Ce quiz a été pris 84 fois
  • Le résultat moyen est 5 sur 10

Statistiques - réponses

ParolesGroupeTitre% Correct
I'm tired of being what you want me to be
Feeling so faithless, lost under the surface
Linkin ParkNumb
82%
With your feet on the air and your head on the ground
Try this trick and spin it, yeah (yeah)
Your head will collapse, and there's nothing in it
And you'll ask yourself
PixiesWhere Is My Mind?
72%
There's a lady who's sure all that glitters is gold
And she's buying a _____ __ ______
Led ZeppelinStairway to Heaven
59%
When I look into your eyes
I can see a love restrained
But darlin' when I hold you
Don't you know I feel the same?
Guns N' RosesNovember Rain
56%
Wake up
Grab a brush and put a little make-up
Hide the scars to fade away the shake-up
Why'd you leave the keys upon the table?
System of a DownChop Suey !
49%
I'm so happy 'cause today I found my friends
They're in my head
I'm so ugly, that's okay, 'cause so are you
Broke our mirrors
NirvanaLithium
49%
Every time that I look in the mirror
All these lines on my face getting clearer
The past is gone
Oh, it went by like dusk to dawn
Isn't that the way?
AerosmithDream On
46%
If I leave here tomorrow
Would you still remember me?
For I must be traveling on now
'Cause there's too many places I've got to see
Lynyrd SkynyrdFree Bird
38%
1, 2, 3, 4, 5, 6, 7, 8, 9, ausRammsteinSonne
35%
Life it seems will fade away
Drifting further every day
Getting lost within myself
Nothing matters, no one else
MetallicaFade to Black
21%

Distribution des résultats

Percentile par nombre de réponses

% des personnes avec chaque résultat

Votre développement - résultats

Vous n’avez pas pris ce quiz